000 00821nam a2200265Ia 4500
003 OSt
005 20220923223332.0
006 a|||||r|||| 00| 0
007 ta
008 220922b |||||||| |||| 00| 0 hin d
024 _a213,610
037 _cTextual
040 _aARTS
_cARTS
_bhin
041 _2hin
_ahin
082 _aO152,3M88x, K6;L0
100 _aचतुरसेन
_9156280
245 0 _aकहानी खत्म हो गई
246 _aKahānī khatma ho gaī
250 _aसंस्क04
260 _aदिल्ली
_b राजपाल एंड सन्स
_c1970
300 _a260 पृ.
_ccm.
650 _aहिन्दी साहित्य
_9156264
942 _hO152,3M88x, K6;L0
_cTEXL
_2CC
999 _c363818
_d363818